| 000 | 01177nam a22003497a 4500 | ||
|---|---|---|---|
| 001 | 12742541 | ||
| 003 | OSt | ||
| 005 | 20210423064011.0 | ||
| 008 | 000726s2000 nyu 000 0 eng d | ||
| 010 | _a 2002553989 | ||
| 020 |
_a0671578790 (pbk.) : _c$6.99 |
||
| 035 | _a(OCoLC)ocm44655949 | ||
| 040 |
_aHRF _cHRF _dDLC |
||
| 041 | _aeng | ||
| 042 | _alccopycat | ||
| 050 | 0 | 0 | _aCPB Box no. 1888 vol. 2 |
| 080 |
_a821.111 _bS-34 |
||
| 100 | 1 |
_aSchmitz, James H., _d1911- |
|
| 245 | 1 | 0 |
_aT'nT Telzey & Trigger : _bthe complete Federation of the Hub. _nvolume 2 / _cJames H. Schmitz ; edited by Eric Flint ; co-edited by Guy Gordon. |
| 246 | 3 | 0 | _aComplete Federation of the Hub |
| 260 |
_aNew York : _bBaen Publishing Enterprises, _c2000. |
||
| 300 |
_a403 p. ; _c17 cm. |
||
| 365 | _a3.99 USD | ||
| 650 | 0 |
_aTelepathy _vFiction. |
|
| 653 | _aინგლისური ლიტერატურა | ||
| 655 | 7 |
_aScience fiction. _2gsafd |
|
| 700 | 1 | _aFlint, Eric. | |
| 710 | 2 |
_aCopyright Paperback Collection (Library of Congress) _5DLC |
|
| 906 |
_a7 _bcbc _ccopycat _d2 _encip _f20 _gy-genrareb |
||
| 942 |
_2udc _cBK |
||
| 999 |
_c1509 _d1509 |
||